Vysoký rast ekonomiky

Informácia Slovenskej ratingovej agentúry o stave výkonnosti slovenskej ekonomiky. Makroekonomika - index ESO a POP. Vývoj domáceho a zahraničného dopytu.

Salvato in:
Dettagli Bibliografici
Natura: Capitolo di libro
Lingua:slovacco
Soggetti:
Tags: Aggiungi Tag
Nessun Tag, puoi essere il primo ad aggiungerne!!

MARC

LEADER 00000naa a2200000 4500
001 r049237
005 20230925124510.7
041 0 |a slo 
044 |a SK 
245 1 0 |a Vysoký rast ekonomiky 
520 |a Informácia Slovenskej ratingovej agentúry o stave výkonnosti slovenskej ekonomiky. Makroekonomika - index ESO a POP. Vývoj domáceho a zahraničného dopytu. 
610 2 0 |a výkonnosť ekonomiky 
610 2 0 |a Slovensko 
610 2 0 |a dopyt domáci 
610 2 0 |a produkt domáci hrubý 
610 2 0 |a obchod zahraničný 
610 2 0 |a ceny